Sectas juveniles en Chile

Salvato in:
Dettagli Bibliografici
Autore principale: Prado O., Juan Guillermo (Autore)
Natura: Libro
Lingua:spagnolo
Pubblicazione: Santiago Covadonga 1984
Soggetti:
Tags: Aggiungi Tag
Nessun Tag, puoi essere il primo ad aggiungerne!!

MARC

LEADER 00000nam a2200000 a 4500
001 UCR8333
003 CL-VaPUC
008 980529e19840000CL |||||||||||||||||spa|d
082 0 4 |a 291.9  |b PRA  |2 21 
100 0 |a Prado O., Juan Guillermo  |e author  |9 409976 
245 1 0 |a Sectas juveniles en Chile 
300 |a 121 p 
942 |c BK 
945 |d 19980529 00:00:00  |a mvenant 
260 |a Santiago  |b Covadonga  |c 1984 
650 7 |a SECTAS RELIGIOSAS  |2 CL-VaPUC  |9 409977 
650 7 |a SISTEMAS RELIGIOSOS  |2 CL-VaPUC  |9 336998 
650 0 |a Adolescentes  |9 308058 
651 7 |a CHILE  |2 CL-VaPUC  |9 409978 
583 |a last modification  |c 19980529 00:00:00  |k Rodrigo Vera 
999 |c 269766  |d 269764 
952 |0 0  |1 0  |4 0  |6 291_900000000000000_PRA_1984  |7 0  |8 X  |9 303749  |a FDOMLP  |b FDOMLP  |d 2019-11-20  |i 3426491  |o 291.9 PRA 1984  |p 3426491  |r 2019-11-20  |w 2019-11-20  |y BK_X  |k BU2 
952 |0 0  |1 0  |4 0  |6 291_900000000000000_PRA_1984  |7 0  |8 A  |9 303750  |a BIBTEO  |b BIBTEO  |d 2019-11-20  |i 4064593  |o 291.9 PRA 1984  |p 4064593  |r 2024-01-18  |w 2019-11-20  |y BK  |k ICR